[Event "Muensterland Regionalliga 2526"]
[Site "Germany"]
[Date "2026.05.09"]
[Round "9"]
[Board "8"]
[White "Haselhorst, Helmut"]
[Black "Baer, Klaus"]
[Result "1/2-1/2"]
[WhiteElo "1839"]
[BlackElo "1560"]
[WhiteFideId "-1"]
[BlackFideId "-1"]
[PlyCount "53"]
[GameId "2315516133170008"]
[EventDate "2025.??.??"]
[EventType "team-tourn"]
[EventRounds "9"]
[EventCountry "GER"]
[SourceTitle "Verband Muensterland"]
[SourceDate "2025.09.21"]
[SourceVersion "1"]
[SourceVersionDate "2025.09.21"]
[SourceQuality "1"]
[WhiteTeam "Steinfurt"]
[BlackTeam "Gronau"]
[WhiteTeamCountry "GER"]
[BlackTeamCountry "GER"]

1. d4 Nf6 2. c4 e6 3. Nc3 Bb4 4. e3 Ne4 5. Bd2 Nxc3 6. Bxc3 Bxc3+ 7. bxc3 d5 8. Nf3 O-O 9. Bd3 b6 10. O-O Bb7 11. cxd5 exd5 12. Ne5 Nd7 13. f4 Nf6 14. Rc1 Qe7 15. Rf3 Ne4 16. Rh3 Bc8 17. g4 f6 18. c4 fxe5 19. cxd5 exd4 20. Rxc7 Qxc7 21. Bxe4 Qd6 22. Bxh7+ Kf7 23. Qxd4 Qf6 24. Qd1 Bd7 25. Bc2 Rh8 26. Rg3 Qh4 27. Rg2 1/2-1/2

[Event "Muensterland Regionalliga 2526"]
[Site "Germany"]
[Date "2026.05.09"]
[Round "9"]
[Board "2"]
[White "Poelstra, Ben"]
[Black "Kipp, Lucas"]
[Result "0-1"]
[WhiteElo "1995"]
[BlackElo "2013"]
[WhiteFideId "-1"]
[BlackFideId "-1"]
[PlyCount "84"]
[GameId "2315515913754982"]
[EventDate "2025.??.??"]
[EventType "team-tourn"]
[EventRounds "9"]
[EventCountry "GER"]
[SourceTitle "Verband Muensterland"]
[SourceDate "2025.09.21"]
[SourceVersion "1"]
[SourceVersionDate "2025.09.21"]
[SourceQuality "1"]
[WhiteTeam "Metelen"]
[BlackTeam "Saerbeck"]
[WhiteTeamCountry "GER"]
[BlackTeamCountry "GER"]

1. e4 d6 2. d4 Nf6 3. Nc3 e5 4. dxe5 dxe5 5. Qxd8+ Kxd8 6. Bg5 Be6 7. O-O-O+ Kc8 8. Nf3 Nbd7 9. Bb5 c6 10. Bd3 Ng4 11. Bh4 Bc5 12. Rhf1 f6 13. h3 Nh6 14. Nd2 Nf7 15. f3 b5 16. Bf2 a5 17. a4 b4 18. Ncb1 Bxf2 19. Rxf2 Nb6 20. b3 Nd6 21. c4 bxc3 22. Nxc3 Nd7 23. Nc4 Nxc4 24. Bxc4 Bxc4 25. bxc4 Nc5 26. Rb2 Rd8 27. Rxd8+ Kxd8 28. Kd2 Kc7 29. Ke3 Rd8 30. Rd2 Rxd2 31. Kxd2 Kd6 32. h4 Ne6 33. Nd1 Kc5 34. Kc3 Nf4 35. Ne3 g6 36. Ng4 Nxg2 37. Nxf6 Nxh4 38. Nxh7 Nxf3 39. Nf6 Ng5 40. Kd3 Ne6 41. Ke3 Kd6 42. Kd2 Nc5 0-1

[Event "Muensterland Regionalliga 2526"]
[Site "Germany"]
[Date "2026.05.09"]
[Round "9"]
[Board "3"]
[White "Bartsch, Jan"]
[Black "Grotenhuis, Gerard"]
[Result "1-0"]
[WhiteElo "1883"]
[BlackElo "1741"]
[WhiteFideId "-1"]
[BlackFideId "-1"]
[PlyCount "41"]
[GameId "2309658841251909"]
[EventDate "2025.??.??"]
[EventType "team-tourn"]
[EventRounds "9"]
[EventCountry "GER"]
[SourceTitle "Verband Muensterland"]
[SourceDate "2025.09.21"]
[SourceVersion "1"]
[SourceVersionDate "2025.09.21"]
[SourceQuality "1"]
[WhiteTeam "Saerbeck"]
[BlackTeam "Metelen"]
[WhiteTeamCountry "GER"]
[BlackTeamCountry "GER"]

1. d4 d5 2. Nc3 f5 3. Bf4 Nf6 4. e3 c6 5. h4 e6 6. Bd3 Qb6 7. a3 a5 8. Nf3 Ne4 9. Ne5 g6 10. Bxe4 dxe4 11. h5 g5 12. Bxg5 Nd7 13. Nc4 Qa6 14. h6 Be7 15. Qh5+ Kd8 16. Bxe7+ Kxe7 17. Qg5+ Nf6 18. Qg7+ Kd8 19. Qxf6+ Kc7 20. Qe5+ Kd7 21. Qg7+ 1-0

[Event "Muensterland Regionalliga 2526"]
[Site "Germany"]
[Date "2026.05.09"]
[Round "9"]
[Board "4"]
[White "Wigger, Frank"]
[Black "Waltermann, Jens"]
[Result "1/2-1/2"]
[WhiteElo "1911"]
[BlackElo "1812"]
[WhiteFideId "-1"]
[BlackFideId "-1"]
[PlyCount "41"]
[GameId "2309664698187868"]
[EventDate "2025.??.??"]
[EventType "team-tourn"]
[EventRounds "9"]
[EventCountry "GER"]
[SourceTitle "Verband Muensterland"]
[SourceDate "2025.09.21"]
[SourceVersion "1"]
[SourceVersionDate "2025.09.21"]
[SourceQuality "1"]
[WhiteTeam "Metelen"]
[BlackTeam "Saerbeck"]
[WhiteTeamCountry "GER"]
[BlackTeamCountry "GER"]

1. e4 d6 2. d4 Nf6 3. Nc3 g6 4. Be3 Bg7 5. Qd2 O-O 6. Bh6 c6 7. h4 Qa5 8. Bd3 Bxh6 9. Qxh6 Qh5 10. Qd2 e5 11. Be2 Bg4 12. f3 Be6 13. g4 Nxg4 14. fxg4 Bxg4 15. O-O-O Na6 16. Bxg4 Qxg4 17. Nge2 f5 18. Rdg1 Qf3 19. h5 f4 20. hxg6 hxg6 21. dxe5 1/2-1/2

[Event "Muensterland Regionalliga 2526"]
[Site "Germany"]
[Date "2026.05.09"]
[Round "9"]
[Board "5"]
[White "Hoge, Reinhard"]
[Black "Denkler, Juergen"]
[Result "0-1"]
[WhiteElo "1854"]
[BlackElo "1784"]
[WhiteFideId "-1"]
[BlackFideId "-1"]
[PlyCount "60"]
[GameId "2309671727693926"]
[EventDate "2025.??.??"]
[EventType "team-tourn"]
[EventRounds "9"]
[EventCountry "GER"]
[SourceTitle "Verband Muensterland"]
[SourceDate "2025.09.21"]
[SourceVersion "1"]
[SourceVersionDate "2025.09.21"]
[SourceQuality "1"]
[WhiteTeam "Saerbeck"]
[BlackTeam "Metelen"]
[WhiteTeamCountry "GER"]
[BlackTeamCountry "GER"]

1. c4 Nf6 2. g3 g6 3. Bg2 Bg7 4. Nf3 c6 5. O-O O-O 6. Nc3 d5 7. cxd5 cxd5 8. d4 Nc6 9. Ne5 e6 10. Nxc6 bxc6 11. Bf4 Ba6 12. Qd2 Rc8 13. Na4 Ne4 14. Qe3 Qa5 15. Nc3 Nxc3 16. bxc3 Rfd8 17. Rfb1 c5 18. Bg5 Re8 19. Rc1 cxd4 20. cxd4 Rxc1+ 21. Rxc1 Qxa2 22. Bf3 Qb2 23. Rd1 Rc8 24. Rd2 Qc3 25. Qxc3 Rxc3 26. Be7 Bb5 27. h4 Bf8 28. Bf6 Bb4 29. Rb2 a5 30. Bd8 Bc4 0-1

[Event "Muensterland Regionalliga 2526"]
[Site "Germany"]
[Date "2026.05.09"]
[Round "9"]
[Board "6"]
[White "Morrien, Rolf"]
[Black "Bartsch, Rainer"]
[Result "1-0"]
[WhiteElo "1715"]
[BlackElo "1663"]
[WhiteFideId "-1"]
[BlackFideId "-1"]
[PlyCount "113"]
[GameId "2309679280070768"]
[EventDate "2025.??.??"]
[EventType "team-tourn"]
[EventRounds "9"]
[EventCountry "GER"]
[SourceTitle "Verband Muensterland"]
[SourceDate "2025.09.21"]
[SourceVersion "1"]
[SourceVersionDate "2025.09.21"]
[SourceQuality "1"]
[WhiteTeam "Metelen"]
[BlackTeam "Saerbeck"]
[WhiteTeamCountry "GER"]
[BlackTeamCountry "GER"]

1. f4 d5 2. Nf3 Nf6 3. e3 Bg4 4. b3 Nbd7 5. Bb2 c6 6. Be2 Bxf3 7. Bxf3 Qc7 8. O-O e5 9. Bg4 Bd6 10. Bxd7+ Nxd7 11. Qg4 O-O 12. d3 Rae8 13. Nd2 f6 14. Qh4 exf4 15. exf4 Re2 16. Rf2 Rxf2 17. Kxf2 Bxf4 18. Nf3 Re8 19. Re1 Rxe1 20. Kxe1 Ne5 21. Bxe5 Bxe5 22. Nxe5 Qxe5+ 23. Kd1 Qa1+ 24. Kd2 Qe5 25. Qh3 Qe8 26. Qg3 Qe5 27. Qh3 f5 28. Qh4 Qd6 29. Ke3 g6 30. g3 a5 31. a4 Qc5+ 32. Kd2 Qb4+ 33. Qxb4 axb4 34. c3 bxc3+ 35. Kxc3 Kf7 36. Kd4 b6 37. b4 Ke6 38. a5 c5+ 39. Ke3 bxa5 40. bxa5 Kd6 41. Kf4 c4 42. dxc4 dxc4 43. Ke3 Kc5 44. a6 Kb6 45. Kd4 g5 46. Kxc4 h5 47. Kd5 f4 48. gxf4 gxf4 49. Ke4 h4 50. Kxf4 h3 51. Kg3 Kxa6 52. Kxh3 Kb5 53. Kg4 Kc6 54. Kg5 Kd6 55. Kf6 Kd7 56. Kf7 Kd6 57. h4 1-0

[Event "Muensterland Regionalliga 2526"]
[Site "Germany"]
[Date "2026.05.09"]
[Round "9"]
[Board "7"]
[White "Bloemker, Stephan"]
[Black "Bueckers, Bernhard"]
[Result "1/2-1/2"]
[WhiteElo "1554"]
[BlackElo "1698"]
[WhiteFideId "-1"]
[BlackFideId "-1"]
[PlyCount "80"]
[GameId "2309683065880702"]
[EventDate "2025.??.??"]
[EventType "team-tourn"]
[EventRounds "9"]
[EventCountry "GER"]
[SourceTitle "Verband Muensterland"]
[SourceDate "2025.09.21"]
[SourceVersion "1"]
[SourceVersionDate "2025.09.21"]
[SourceQuality "1"]
[WhiteTeam "Saerbeck"]
[BlackTeam "Metelen"]
[WhiteTeamCountry "GER"]
[BlackTeamCountry "GER"]

1. Nf3 Nf6 2. g3 g6 3. b3 Bg7 4. Bb2 O-O 5. Bg2 d5 6. c4 e6 7. O-O c6 8. d3 Nbd7 9. Nbd2 Re8 10. Rc1 b6 11. Nd4 Bb7 12. cxd5 Nxd5 13. Nxc6 Bxc6 14. Bxg7 Kxg7 15. Rxc6 Rc8 16. Qa1+ Kg8 17. Rfc1 Rxc6 18. Rxc6 Nb4 19. Rc4 Qe7 20. a3 Nd5 21. b4 N7f6 22. Nb3 e5 23. Qc1 Rd8 24. e4 b5 25. Rc6 Nb6 26. Bf1 Nfd7 27. Rc7 Qe6 28. Nc5 Nxc5 29. Qxc5 a6 30. Re7 Nd7 31. Rxe6 Nxc5 32. Rxe5 Nxd3 33. Rd5 Rxd5 34. exd5 Ne5 35. f4 Nd7 36. Kf2 f5 37. Ke3 Kf7 38. h3 Ke7 39. g4 fxg4 40. hxg4 Nf6 1/2-1/2

[Event "Muensterland Regionalliga 2526"]
[Site "Germany"]
[Date "2026.05.09"]
[Round "9"]
[Board "8"]
[White "Gravenkoetter, Christian"]
[Black "Lerch, Heinz"]
[Result "1-0"]
[WhiteElo "1658"]
[BlackElo "1389"]
[WhiteFideId "-1"]
[BlackFideId "-1"]
[PlyCount "59"]
[GameId "2309691969093855"]
[EventDate "2025.??.??"]
[EventType "team-tourn"]
[EventRounds "9"]
[EventCountry "GER"]
[SourceTitle "Verband Muensterland"]
[SourceDate "2025.09.21"]
[SourceVersion "1"]
[SourceVersionDate "2025.09.21"]
[SourceQuality "1"]
[WhiteTeam "Metelen"]
[BlackTeam "Saerbeck"]
[WhiteTeamCountry "GER"]
[BlackTeamCountry "GER"]

1. e4 c5 2. Nf3 d6 3. Nc3 Nf6 4. d4 cxd4 5. Nxd4 a6 6. Bd3 Nc6 7. Nxc6 bxc6 8. O-O e6 9. Qf3 e5 10. Qg3 Nh5 11. Qg5 Qxg5 12. Bxg5 f6 13. Bd2 g5 14. Ne2 Nf4 15. Bxf4 gxf4 16. f3 Rg8 17. Kh1 Ra7 18. g4 fxg3 19. hxg3 h5 20. Kh2 Rh7 21. c4 c5 22. a3 Bh6 23. b4 Be3 24. b5 h4 25. g4 a5 26. Rab1 Rhg7 27. a4 Kd7 28. Nc3 Ke8 29. Nd5 Kf7 30. Nxe3 1-0

[Event "Muensterland Regionalliga 2526"]
[Site "Germany"]
[Date "2026.05.09"]
[Round "9"]
[Board "3"]
[White "Hoffmann, Fabian"]
[Black "Rosing, Hermann"]
[Result "1-0"]
[WhiteElo "2009"]
[BlackElo "1982"]
[WhiteFideId "-1"]
[BlackFideId "-1"]
[PlyCount "95"]
[GameId "2095107233178822"]
[EventDate "2025.??.??"]
[EventType "team-tourn"]
[EventRounds "9"]
[EventCountry "GER"]
[SourceTitle "Verband Muensterland"]
[SourceDate "2025.09.21"]
[SourceVersion "1"]
[SourceVersionDate "2025.09.21"]
[SourceQuality "1"]
[WhiteTeam "Raesfeld Erle II"]
[BlackTeam "Ahaus Wessum"]
[WhiteTeamCountry "GER"]
[BlackTeamCountry "GER"]

1. e4 e5 2. Nf3 Nc6 3. Bc4 Nf6 4. d3 Bc5 5. O-O h6 6. Be3 Bxe3 7. fxe3 O-O 8. Nc3 d6 9. Qe1 Be6 10. Nd5 Bxd5 11. exd5 Ne7 12. e4 c6 13. dxc6 bxc6 14. Bb3 Ng6 15. Kh1 Qd7 16. Nh4 Nxh4 17. Qxh4 Qg4 18. Qf2 a5 19. a4 d5 20. exd5 cxd5 21. Rae1 e4 22. Re3 Kh8 23. dxe4 Nxe4 24. Qe2 Qxe2 25. Rxe2 Nf6 26. Rd1 Rfe8 27. Rde1 Rxe2 28. Rxe2 Ra7 29. Kg1 Kg8 30. Kf2 Kf8 31. Kf3 Rb7 32. Re3 Rc7 33. Re5 Rd7 34. h3 g5 35. Ke3 Rb7 36. Kd3 Rb4 37. Bxd5 Rxa4 38. c4 Ra1 39. Bf3 Nd7 40. Rb5 a4 41. Kc3 a3 42. bxa3 Rxa3+ 43. Kd4 f6 44. c5 Ne5 45. c6 Rd3+ 46. Kc5 Ke7 47. Rb7+ Kd8 48. Be4 1-0

[Event "Muensterland Regionalliga 2526"]
[Site "Germany"]
[Date "2026.05.09"]
[Round "9"]
[Board "5"]
[White "Boelker, Franz"]
[Black "Ter Horst, Carsten"]
[Result "0-1"]
[WhiteElo "1805"]
[BlackElo "1873"]
[WhiteFideId "-1"]
[BlackFideId "-1"]
[PlyCount "78"]
[GameId "2095107403830488"]
[EventDate "2025.??.??"]
[EventType "team-tourn"]
[EventRounds "9"]
[EventCountry "GER"]
[SourceTitle "Verband Muensterland"]
[SourceDate "2025.09.21"]
[SourceVersion "1"]
[SourceVersionDate "2025.09.21"]
[SourceQuality "1"]
[WhiteTeam "Raesfeld Erle II"]
[BlackTeam "Ahaus Wessum"]
[WhiteTeamCountry "GER"]
[BlackTeamCountry "GER"]

1. d4 d5 2. c4 e6 3. Nc3 Nf6 4. Bg5 dxc4 5. e3 c5 6. Nf3 cxd4 7. exd4 Nc6 8. Bxc4 Be7 9. O-O O-O 10. Rc1 a6 11. a4 h6 12. Bh4 Nb4 13. Qb3 b6 14. Bxf6 gxf6 15. d5 e5 16. Ne4 f5 17. Ng3 Qd6 18. Rfe1 Bf6 19. Nh5 Bh8 20. Ng3 Bd7 21. Nh4 b5 22. axb5 axb5 23. Bxb5 Bxb5 24. Ngxf5 Qf6 25. Qxb4 Bd7 26. Ne7+ Kg7 27. Re3 Ra4 28. Nhf5+ Kh7 29. Qb3 Rf4 30. g3 Rxf5 31. Nxf5 Bxf5 32. Rf3 e4 33. Rc6 Qe5 34. Rfc3 Rb8 35. Qa2 Qd4 36. Qa6 Qd1+ 37. Kg2 Bxc3 38. Rxh6+ Kg7 39. bxc3 Qf3+ 0-1

[Event "Muensterland Regionalliga 2526"]
[Site "Germany"]
[Date "2026.05.09"]
[Round "9"]
[Board "6"]
[White "Ciobotaru, Andrei Rares"]
[Black "Ridder, David"]
[Result "1-0"]
[WhiteElo "1703"]
[BlackElo "1706"]
[WhiteFideId "-1"]
[BlackFideId "-1"]
[PlyCount "41"]
[GameId "2095107464140001"]
[EventDate "2025.??.??"]
[EventType "team-tourn"]
[EventRounds "9"]
[EventCountry "GER"]
[SourceTitle "Verband Muensterland"]
[SourceDate "2025.09.21"]
[SourceVersion "1"]
[SourceVersionDate "2025.09.21"]
[SourceQuality "1"]
[WhiteTeam "Ahaus Wessum"]
[BlackTeam "Raesfeld Erle II"]
[WhiteTeamCountry "GER"]
[BlackTeamCountry "GER"]

1. e4 c6 2. d4 d5 3. e5 c5 4. dxc5 Nc6 5. f4 e6 6. Be3 Nh6 7. c3 Nf5 8. Bd4 Ncxd4 9. cxd4 Bd7 10. Nf3 b6 11. Bd3 bxc5 12. Bxf5 exf5 13. dxc5 Bxc5 14. Qxd5 Rc8 15. Nc3 Qb6 16. Qb3 Bb4 17. O-O-O Qe3+ 18. Kb1 Bxc3 19. bxc3 O-O 20. Rhe1 Qxe1 21. Nxe1 1-0